000 00658nab a2200181 4500
001 244442
003 OSt
005 20240213130148.0
007 tu
008 200917s2020|||||||
040 _aDE-2950
_cDE-2950
245 0 0 _aAnmeldung für evangelisches Gymnasium läuft bereits
_bBildung. Die evangelische Schulstiftung will ein Gymnasium und eine Oberschule eröffnen. Auswahlgespräche für den ersten Jahrgang 2024/2025 sind im Gange/
_cLisa Larossa
264 _c2024
653 _aFrankfurt (Oder)
653 _aevangelisches Gymnasium
773 0 _g35. Jahrgang (2024) Nr. 33 vom 08.02.2024, S. 13 mit Foto
_tMärkische Oderzeitung
942 _2z
_cA
999 _c372969
_d372969